000 00395nam a22001697a 4500
005 20180203154026.0
008 160629b xxu||||| |||| 00| 0 eng d
020 _a978-81-89757-70-0
041 _aeng
082 _b12545
_a005.133
100 _aJha S.K
_93216
245 _aProgramming in C
260 _bKatson
_c2012
300 _a521
650 _aInformation Technology
_9137
942 _cBK
999 _c4728
_d4726